000 00950nam a2200217Ia 4500
003 Ost
005 20260507075717.0
008 260507s9999||||xx |||||||||||||| ||und||
020 _a9789931748366
040 _cfsecg
041 _aara
082 _a692.8
100 _aخرخاش، سامية
_eمؤلف
245 0 _aالمقاولاتية :
_bريادة الأعمال /
_c سامية خرخاش
260 _aالجزائر:
_bدار الباحث للطباعة والنشر والتوزيع,
_c2021
300 _a132 صفحة؛
_bإيضاحات ؛
_c24 سم
504 _aمراجع ص.123
520 _aالإطار النظري والفكري للمقاولاتية- ريادة الأعمال-وبعد ذلك حدثنا عن المقاول ماهيته وخصائصه، وبعدها المرافقة المقاولاتية مع سيرورة إنشاء المؤسسة ومحيطها.
653 _aالمقاولات
942 _cكتاب
999 _c45923
_d45923